ბათუმის შოთა რუსთაველის სახელმწიფო უნივერსიტეტის ბიბლიოთეკა

Водозаборные сооружения на реках с обильными наносами. (ბიბ.ჩანაწერი № 40740)

000 -LEADER
fixed length control field 00685nam a2200205Ia 4500
001 - CONTROL NUMBER
control field 7379
003 - CONTROL NUMBER IDENTIFIER
control field GE_BSU
008 - FIXED-LENGTH DATA ELEMENTS--GENERAL INFORMATION
fixed length control field 181216s||||||||xx |||||||||||||| ||und||
040 ## - CATALOGING SOURCE
Transcribing agency GE_BSU
080 ## - UNIVERSAL DECIMAL CLASSIFICATION NUMBER
Universal Decimal Classification number 628.1
100 ## - MAIN ENTRY--PERSONAL NAME
Personal name Данелия,Н.Ф.
245 ## - TITLE STATEMENT
Title Водозаборные сооружения на реках с обильными наносами.
245 ## - TITLE STATEMENT
Statement of responsibility, etc. Ред. Г.В.Елизаветская.
260 ## - PUBLICATION, DISTRIBUTION, ETC.
Place of publication, distribution, etc. М.
260 ## - PUBLICATION, DISTRIBUTION, ETC.
Name of publisher, distributor, etc. колос.
260 ## - PUBLICATION, DISTRIBUTION, ETC.
Date of publication, distribution, etc. 1964.
300 ## - PHYSICAL DESCRIPTION
Extent 336стр.27см.с илл.библиогр.:стр.331-333.
653 ## - INDEX TERM--UNCONTROLLED
Uncontrolled term Водозаборные сооружения на реках с обильными наносами.
942 ## - ADDED ENTRY ELEMENTS (KOHA)
Koha item type წიგნი
ეგზემპლარები
Withdrawn status Lost status Damaged status Not for loan Date acquired Barcode Date last seen Price effective from Koha item type
        2018-12-17 11737 2018-12-17 2018-12-17 წიგნი
        2018-12-17 11738 2018-12-17 2018-12-17 წიგნი
        2018-12-17 11739 2018-12-17 2018-12-17 წიგნი